| 000 | 00388pab a2200169 454500 | ||
|---|---|---|---|
| 008 | 180718b1999 xxu||||| |||| 00| 0 eng d | ||
| 100 | _aKusuma, A. | ||
| 245 | _aThe plight of girl domestic workers | ||
| 260 | _c1999 | ||
| 300 | _ap.11-15 | ||
| 362 | _aAug | ||
| 650 | _aGirls | ||
| 650 | _aDomestics | ||
| 700 | _aReddy, G. Lokanadha | ||
| 773 | _aSocial Welfare | ||
| 909 | _a41909 | ||
| 999 |
_c41909 _d41909 |
||